[Event "Wiesbaden op 31st"]
[Site "Wiesbaden"]
[Date "2019.08.25"]
[Round "7"]
[White "Lehmann, Wolfgang"]
[Black "Zimmer, Mireille E"]
[Result "1-0"]
[WhiteElo "1599"]
[BlackElo "1020"]
[PlyCount "55"]
[EventDate "2019.08.22"]
[EventType "swiss"]
[EventRounds "7"]
[EventCountry "GER"]
[SourceTitle "EXT 2020"]
[Source "ChessBase"]
[SourceDate "2019.10.17"]
[SourceVersion "1"]
[SourceVersionDate "2019.10.17"]
[SourceQuality "1"]

1. d4 Nf6 2. c4 g6 3. Nf3 Bg7 4. Nc3 d6 5. e4 Bg4 6. Be2 Nbd7 7. 0-0 0-0 8. Be3 Bxf3 9. Bxf3 e5 10. dxe5 Nxe5 11. Be2 c6 12. f4 Bh6 13. Kh1 Kh8 14. fxe5 Ng8 15. Bxh6 Nxh6 16. exd6 Qd7 17. c5 f5 18. exf5 gxf5 19. Bd3 Ng4 20. Qf3 Nh6 21. Rae1 Rf7 22. Qf4 Rg8 23. Qxh6 Rg6 24. Qe3 Rgf6 25. Qe8+ Qxe8 26. Rxe8+ Kg7 27. Rfe1 Rh6 28. R1e7 1-0